000 00357 a2200169 4500
001 174706
020 _a85-7153-072-6
040 _cMagnum
100 _aPinheiro, Silvana
240 1 0 _aHistória de estrela
_lpor
245 1 0 _aHistória de estrela
300 _a12
362 0 _a1994
440 1 _aRHJ
697 _aLITERATURA INFANTIL
942 _cBK
999 _c174706
_d174706